Эстетическое свершение как способ диалогического отношения к миру; Известия Томского политехнического университета [Известия ТПУ]; Т. 314, № 6: Экономика. Философия, социология и культурология
| Parent link: | Известия Томского политехнического университета [Известия ТПУ]/ Томский политехнический университет (ТПУ).— , 2000- Т. 314, № 6: Экономика. Философия, социология и культурология.— 2009.— [С. 120-122] |
|---|---|
| Autor principal: | |
| Resumo: | Заглавие с титульного листа Электронная версия печатной публикации Определены особенности осмысления феноменов эстетической культуры в ситуации изменчивости культурных парадигм. В частности, раскрывается категория эстетического свершения, которая в методологическом отношении наиболее точно отражает принципы культурного релятивизма, плюрализма, межкультурного взаимодействия, характерные для постсовременности. |
| Idioma: | russo |
| Publicado em: |
2009
|
| Colecção: | Философия, социология и культурология |
| Assuntos: | |
| Acesso em linha: | http://www.lib.tpu.ru/fulltext/v/Bulletin_TPU/2009/v314/i6/27.pdf |
| Formato: | Recurso Electrónico Capítulo de Livro |
| KOHA link: | https://koha.lib.tpu.ru/cgi-bin/koha/opac-detail.pl?biblionumber=175897 |
MARC
| LEADER | 00000nla2a2200000 4500 | ||
|---|---|---|---|
| 001 | 175897 | ||
| 005 | 20231031165153.0 | ||
| 035 | |a (RuTPU)RU\TPU\book\190696 | ||
| 035 | |a RU\TPU\book\190693 | ||
| 090 | |a 175897 | ||
| 100 | |a 20100218d2009 k y0rusy50 ca | ||
| 101 | 0 | |a rus | |
| 102 | |a RU | ||
| 135 | |a drnn ---uucaa | ||
| 181 | 0 | |a i | |
| 182 | 0 | |a b | |
| 200 | 1 | |a Эстетическое свершение как способ диалогического отношения к миру |b Электронный ресурс |f М. В. Думинская | |
| 203 | |a Текст |c электронный | ||
| 215 | |a 1 файл (119 Кб) | ||
| 225 | 1 | |a Философия, социология и культурология | |
| 230 | |a Электронные текстовые данные (1 файл : 119 Кб) | ||
| 300 | |a Заглавие с титульного листа | ||
| 300 | |a Электронная версия печатной публикации | ||
| 320 | |a [Библиогр.: с. 122 (5 назв.)] | ||
| 330 | |a Определены особенности осмысления феноменов эстетической культуры в ситуации изменчивости культурных парадигм. В частности, раскрывается категория эстетического свершения, которая в методологическом отношении наиболее точно отражает принципы культурного релятивизма, плюрализма, межкультурного взаимодействия, характерные для постсовременности. | ||
| 337 | |a Adobe Reader | ||
| 461 | 1 | |0 (RuTPU)RU\TPU\book\176237 |t Известия Томского политехнического университета [Известия ТПУ] |f Томский политехнический университет (ТПУ) |d 2000- | |
| 463 | 1 | |0 (RuTPU)RU\TPU\book\190628 |x 1684-8519 |t Т. 314, № 6: Экономика. Философия, социология и культурология |v [С. 120-122] |d 2009 |p 182 с. | |
| 610 | 1 | |a эстетическая культура | |
| 610 | 1 | |a коммуникация | |
| 610 | 1 | |a диалогичность | |
| 610 | 1 | |a культура | |
| 610 | 1 | |a существование | |
| 610 | 1 | |a эстетизация | |
| 610 | 1 | |a электронный ресурс | |
| 610 | 1 | |a способы | |
| 700 | 1 | |a Думинская |b М. В. | |
| 801 | 1 | |a RU |b 63413507 |c 20090623 |g PSBO | |
| 801 | 2 | |a RU |b 63413507 |c 20211216 |g PSBO | |
| 856 | 4 | |u http://www.lib.tpu.ru/fulltext/v/Bulletin_TPU/2009/v314/i6/27.pdf | |
| 942 | |c CF | ||